000
00206 a2200097 4500
001
58806
100
_a
245
_a
Yaad-e-Rafta (Safri Majmooa
260
_a
LHR
_b
Izhar sons
_c
2001
090
_c
36124
_d
36124
942
_a
NUST-CAE
_c
_c
29030
999
_c
293879
_d
293879